[Event "J. Richter/Lask BZ II-SG Kaltern/Tramin"]
[Site "?"]
[Date "2012.12.15"]
[Round "5.5"]
[White "Thaler, Elmar"]
[Black "Anrather, Eva"]
[Result "1-0"]
[WhiteElo "1721"]
[BlackElo "1395"]
[PlyCount "85"]
[EventDate "2012.??.??"]

1. d4 d5 2. c4 Nc6 3. Nf3 e6 4. Bg5 Be7 5. Bxe7 Ngxe7 6. e3 O-O 7. Bd3 Nb4 8.
Be2 b6 9. O-O a5 10. Nc3 Ba6 11. a3 Nbc6 12. cxd5 Bxe2 13. Qxe2 Nxd5 14. Rac1
Nce7 15. Rc2 Nxc3 16. Rxc3 Nd5 17. Rc2 Qd7 18. Rfc1 Rac8 19. Ne5 Qe7 20. Nc6
Qd7 21. Ne5 Qe7 22. Qb5 f5 23. Rc6 Rfd8 24. R6c2 Rf8 25. Qe2 Qd6 26. f3 c5 27.
Nd3 f4 28. dxc5 bxc5 29. exf4 Nxf4 30. Nxf4 Rxf4 31. Rd1 Rd4 32. Re1 Kf7 33.
Qe5 Qd5 34. Rce2 Rc6 35. Qxd5 exd5 36. Re7+ Kf6 37. Rd7 Rc4 38. Ree7 d4 39.
Rxg7 Rc1+ 40. Kf2 Rc2+ 41. Kg3 Rxb2 42. Rxh7 Rb3 43. Rh6+ 1-0

[Event "J. Richter/Lask BZ II-SG Kaltern/Tramin"]
[Site "?"]
[Date "2012.12.15"]
[Round "5.6"]
[White "Gruber, Martin"]
[Black "Dallaglio, Giovanni"]
[Result "0-1"]
[WhiteElo "1609"]
[BlackElo "1675"]
[PlyCount "102"]
[EventDate "2012.??.??"]

1. e4 e6 2. d4 d5 3. e5 Bd7 4. Nf3 c5 5. c3 Nc6 6. Be2 Qb6 7. O-O f6 8. exf6
Nxf6 9. dxc5 Bxc5 10. b4 Bd6 11. Be3 Qc7 12. h3 O-O 13. Nbd2 a6 14. Rc1 b5 15.
Nb3 Rac8 16. a3 Ne5 17. Nxe5 Bxe5 18. Bd4 Bf4 19. Rc2 Ne4 20. Bd3 e5 21. Bxe4
dxe4 22. Bc5 Rf6 23. Nd2 Rg6 24. Kh1 Qc6 25. Qe2 Bxh3 26. gxh3 Bxd2 27. Be3 Qd7
28. Kh2 Bxc3 29. Rfc1 Rgc6 30. Bc5 Bd4 31. Qxe4 Bxc5 32. Rxc5 Rxc5 33. Rxc5 Re8
34. Qc6 Qe6 35. Kg2 e4 36. Qxe6+ Rxe6 37. Rc3 Kf7 38. Kg3 Kf6 39. Kf4 g5+ 40.
Ke3 h5 41. Rc8 Kf5 42. Rc5+ Re5 43. Kd4 Rxc5 44. bxc5 Ke6 45. Kxe4 a5 46. f3
Kd7 47. Kd5 Kc7 48. Ke4 Kc6 49. Kd4 a4 50. Kd3 Kxc5 51. Kc3 h4 0-1

[Event "SC Lana-ASK Niederdorf"]
[Site "?"]
[Date "2012.12.15"]
[Round "5.1"]
[White "Obersteiner, Stefan"]
[Black "Hoelzl, Matthias"]
[Result "1/2-1/2"]
[WhiteElo "1731"]
[BlackElo "1709"]
[PlyCount "92"]
[EventDate "2012.??.??"]

1. c4 e5 2. Nc3 Nc6 3. e3 Nf6 4. d4 exd4 5. exd4 d5 6. cxd5 Nxd5 7. Bc4 Bb4 8.
Nge2 O-O 9. O-O Nb6 10. Bb3 Bg4 11. f3 Bf5 12. Be3 Na5 13. Ng3 Bg6 14. a3 Nxb3
15. Qxb3 Be7 16. Nge4 c6 17. Rad1 Qd7 18. Rfe1 Rad8 19. Bf4 Rfe8 20. a4 Qc8 21.
Bg3 Nd5 22. Nxd5 Rxd5 23. Qc4 Bf5 24. Nc3 Rdd8 25. d5 cxd5 26. Qxc8 Bxc8 27.
Rxd5 Rxd5 28. Nxd5 Bc5+ 29. Kf1 Rxe1+ 30. Kxe1 Be6 31. Nc3 Kf8 32. Bf2 Bxf2+
33. Kxf2 Ke7 34. Ke3 b6 35. Kd4 Kd7 36. f4 Bb3 37. Ke5 f6+ 38. Kd4 Kc6 39. g4
Kd7 40. Nb5 Bxa4 41. Nxa7 h6 42. h4 Bd1 43. g5 fxg5 44. fxg5 hxg5 45. hxg5 Be2
46. Kc3 Ba6 1/2-1/2

[Event "SC Lana-ASK Niederdorf"]
[Site "?"]
[Date "2012.12.15"]
[Round "5.2"]
[White "Kofler, Albin"]
[Black "Schmidhofer, Josef"]
[Result "1-0"]
[WhiteElo "1560"]
[BlackElo "1510"]
[PlyCount "93"]
[EventDate "2012.??.??"]

1. d4 d5 2. c4 Nf6 3. Nc3 e6 4. Nf3 c5 5. Bg5 cxd4 6. Bxf6 Qxf6 7. Qxd4 Qxd4 8.
Nxd4 Bb4 9. cxd5 exd5 10. Rc1 O-O 11. e3 a6 12. Bd3 Nc6 13. O-O Bxc3 14. Rxc3
Nxd4 15. exd4 Be6 16. Rc2 Rab8 17. f4 Rfc8 18. Rfc1 Rxc2 19. Rxc2 g6 20. h3 h5
21. Kf2 b5 22. Rc6 a5 23. Bxg6 fxg6 24. Rxe6 Kf7 25. Rc6 b4 26. g4 hxg4 27.
hxg4 b3 28. a3 Re8 29. Rc5 Re4 30. Rxd5 Rxf4+ 31. Kg3 Rf1 32. Re5 Rd1 33. Rxa5
Rxd4 34. Rb5 Rd3+ 35. Kf4 Kf6 36. Rb6+ Kf7 37. g5 Rd4+ 38. Ke5 Rd3 39. Rb7+ Kf8
40. Ke6 Rf3 41. a4 Rf5 42. Rb5 Rf4 43. a5 Kg7 44. Rb7+ Kf8 45. a6 Ra4 46. a7
Ra6+ 47. Kd5 1-0

[Event "SC Lana-ASK Niederdorf"]
[Site "?"]
[Date "2012.12.15"]
[Round "5.3"]
[White "Haspinger, Hartmann"]
[Black "Del Rosso, Peter"]
[Result "1-0"]
[WhiteElo "1349"]
[BlackElo "1505"]
[PlyCount "85"]
[EventDate "2012.??.??"]

1. d4 Nf6 2. c4 c6 3. Nc3 d5 4. Bg5 Bf5 5. e3 e6 6. a3 Be7 7. Nf3 O-O 8. Bd3
Bxd3 9. Qxd3 Nbd7 10. O-O c5 11. cxd5 exd5 12. Qb5 b6 13. Rfc1 a6 14. Qb3 c4
15. Qc2 Re8 16. Qf5 g6 17. Qc2 Kg7 18. Rd1 b5 19. Ne5 Rc8 20. f4 Nxe5 21. dxe5
Ng4 22. Bxe7 Qxe7 23. Nxd5 Qc5 24. Qe2 h5 25. h3 Nh6 26. Kh2 Nf5 27. Rd2 h4 28.
Qf3 Red8 29. Re1 a5 30. e4 Ng3 31. f5 gxf5 32. exf5 Nxf5 33. Qxf5 c3 34. Rf2
Qxd5 35. Qf6+ Kg8 36. e6 Rc7 37. Rf5 Qd6+ 38. Kh1 Qd4 39. Qg5+ Kf8 40. e7+ Rxe7
41. Qxe7+ Kg7 42. Qxf7+ Kh6 43. Re6+ 1-0

[Event "SC Lana-ASK Niederdorf"]
[Site "?"]
[Date "2012.12.15"]
[Round "5.4"]
[White "Menghin, Karl"]
[Black "Girardelli, Daniel"]
[Result "1-0"]
[WhiteElo "1439"]
[BlackElo "1398"]
[PlyCount "61"]
[EventDate "2012.??.??"]

1. d4 d5 2. Nc3 Nf6 3. g3 e6 4. Bg2 Bb4 5. Bd2 O-O 6. e3 Nc6 7. Nge2 Re8 8. O-O
Ne7 9. Nf4 Bd6 10. Nh5 Ng6 11. e4 Be7 12. e5 Nd7 13. f4 Ngf8 14. Qg4 g6 15. f5
Nxe5 16. dxe5 Bc5+ 17. Kh1 exf5 18. Qf3 gxh5 19. Qxh5 Rxe5 20. Bg5 Qd6 21. Bf4
f6 22. Bxd5+ Be6 23. Bxe6+ Nxe6 24. Bxe5 fxe5 25. Qxf5 Rf8 26. Qg4+ Kh8 27.
Rxf8+ Nxf8 28. Ne4 Qc6 29. Rf1 Nd7 30. Rf7 Qb5 31. Qg7# 1-0

[Event "SC Lana-ASK Niederdorf"]
[Site "?"]
[Date "2012.12.15"]
[Round "5.5"]
[White "Pallhuber, Manfred"]
[Black "Unterthurner, Walter"]
[Result "1/2-1/2"]
[WhiteElo "1382"]
[BlackElo "1341"]
[PlyCount "94"]
[EventDate "2012.??.??"]

1. d4 Nf6 2. c4 g6 3. Nc3 d5 4. e3 Bg7 5. Nf3 O-O 6. Be2 Nc6 7. O-O Bg4 8. cxd5
Nxd5 9. Bd2 a6 10. h3 Bxf3 11. Bxf3 e6 12. a3 Nb6 13. Bxc6 bxc6 14. Qe2 Re8 15.
Rac1 e5 16. dxe5 Bxe5 17. Rc2 Bd6 18. Na2 c5 19. Bc3 Qe7 20. Qf3 Qe6 21. Qf6
Qxf6 22. Bxf6 Re6 23. Bc3 Rae8 24. Bd2 Nd5 25. Nc3 Nb6 26. Re1 Nc4 27. Na4 Ne5
28. Rd1 Nd7 29. b4 cxb4 30. Bxb4 Bxb4 31. axb4 Nb6 32. Ra1 Nd5 33. Rc4 Re4 34.
Rac1 Rxc4 35. Rxc4 Nb6 36. Nxb6 cxb6 37. Kf1 Re6 38. Ke2 b5 39. Rd4 Rc6 40. Kd2
Kf8 41. f4 Ke7 42. g4 f6 43. h4 Ke6 44. e4 f5 45. gxf5+ gxf5 46. e5 h5 47. Rd3
Ke7 1/2-1/2

[Event "SK Klausen-SK Naturns Jambo"]
[Site "?"]
[Date "2012.12.15"]
[Round "5.2"]
[White "Seebacher, Reinhard"]
[Black "La Manna, Andrea"]
[Result "0-1"]
[WhiteElo "1880"]
[BlackElo "2193"]
[PlyCount "100"]
[EventDate "2012.??.??"]

1. Nf3 d6 2. d4 f5 3. g3 Nf6 4. Bg2 g6 5. O-O Bg7 6. c3 e6 7. Nbd2 O-O 8. Qc2
d5 9. Ne5 Nbd7 10. Ndf3 Ne4 11. Bf4 Ndf6 12. Qc1 Bd7 13. Bh6 b6 14. Bxg7 Kxg7
15. Nxd7 Nxd7 16. c4 c6 17. cxd5 cxd5 18. Qc6 Qe7 19. Rac1 Nd6 20. Qa4 Nf6 21.
Ne5 Rfc8 22. Qa6 Rc7 23. Nd3 Rac8 24. Rxc7 Rxc7 25. Rc1 Rxc1+ 26. Nxc1 Qc7 27.
Nd3 Nd7 28. h4 Nb8 29. Qa3 Nd7 30. Bf3 Kf7 31. Qa6 Nb8 32. Ne5+ Ke7 33. Qa3 Nd7
34. Qe3 Nf7 35. Qa3+ Nd6 36. e3 Kf6 37. Nd3 a5 38. Nf4 Kf7 39. g4 b5 40. gxf5
Nxf5 41. Qd3 Qc1+ 42. Kh2 Qxb2 43. Nh3 Nxh4 44. e4 Nxf3+ 45. Qxf3+ Ke7 46. Ng5
Qxd4 47. Qf7+ Kd6 48. Qxe6+ Kc7 49. exd5 Qxf2+ 50. Kh3 Qf5+ 0-1

[Event "SK Klausen-SK Naturns Jambo"]
[Site "?"]
[Date "2012.12.15"]
[Round "5.3"]
[White "Nicolodi, Raoul"]
[Black "Schrott, Johann"]
[Result "0-1"]
[WhiteElo "1983"]
[BlackElo "1787"]
[PlyCount "78"]
[EventDate "2012.??.??"]

1. Nf3 c5 2. c4 Nc6 3. Nc3 Nf6 4. g3 g6 5. Bg2 Bg7 6. O-O O-O 7. d4 cxd4 8.
Nxd4 Nxd4 9. Qxd4 d6 10. Qd3 a6 11. Bf4 Qa5 12. Rac1 Qh5 13. b3 Bf5 14. Qf3
Rab8 15. Qxh5 Nxh5 16. Bg5 Nf6 17. e4 Be6 18. Rfe1 h6 19. Bf4 Nd7 20. Be3 Ne5
21. Red1 Bg4 22. Rd2 Nf3+ 23. Bxf3 Bxf3 24. Bd4 Bg4 25. Nd5 Rfe8 26. Kg2 Bxd4
27. Rxd4 Rbc8 28. h3 Be6 29. f4 h5 30. Rf1 b5 31. Rf2 bxc4 32. Nb6 Rc6 33. Nxc4
Bxc4 34. Rxc4 Rxc4 35. bxc4 Rc8 36. Rc2 Kf8 37. Kf3 Ke8 38. Ke3 Kd7 39. Kd4 f6
0-1

[Event "SK Klausen-SK Naturns Jambo"]
[Site "?"]
[Date "2012.12.15"]
[Round "5.4"]
[White "Schrott, Ernst"]
[Black "Fox, Jonas"]
[Result "1/2-1/2"]
[WhiteElo "1814"]
[BlackElo "1783"]
[PlyCount "111"]
[EventDate "2012.??.??"]

1. e4 e6 2. c4 d5 3. exd5 exd5 4. cxd5 Nf6 5. Nc3 Nxd5 6. Nf3 Be7 7. d4 O-O 8.
Bc4 Nb6 9. Bb3 Bg4 10. O-O Nc6 11. Qd3 Bf6 12. Bc2 g6 13. Bh6 Re8 14. a3 Bf5
15. Qd2 Nc4 16. Qc1 Bxc2 17. Qxc2 Nxd4 18. Nxd4 Qxd4 19. Rad1 Qh4 20. Bc1 c6
21. Rd7 Re7 22. Rxe7 Bxe7 23. Re1 Nd6 24. g3 Qf6 25. h4 Rd8 26. Bg5 Qf3 27. Re3
Qf5 28. Qxf5 Nxf5 29. Bxe7 Re8 30. Bc5 Nxe3 31. Bxe3 b6 32. Kf1 f5 33. Ke2 Rd8
34. Na2 Rd6 35. Nb4 c5 36. Nd3 a6 37. Bf4 Rd5 38. Bc7 b5 39. Bb6 c4 40. Nb4 Rd6
41. Bc7 Re6+ 42. Kd2 Kf7 43. f4 Ke7 44. Be5 Kd7 45. Kc3 h6 46. Nc2 a5 47. Kd4
Kc6 48. a4 Re8 49. axb5+ Kxb5 50. Na3+ Kb4 51. Nxc4 a4 52. Kd5 Rc8 53. Bc3+ Kb3
54. Na5+ Kc2 55. Nc4 Kb3 56. Na5+ 1/2-1/2

[Event "SK Klausen-SK Naturns Jambo"]
[Site "?"]
[Date "2012.12.15"]
[Round "5.5"]
[White "Unterthurner, Hans"]
[Black "Sigmund, Ingenuin"]
[Result "1-0"]
[WhiteElo "2029"]
[BlackElo "1728"]
[PlyCount "55"]
[EventDate "2012.??.??"]

1. e4 e6 2. d4 d5 3. Nc3 Nf6 4. Bg5 dxe4 5. Nxe4 Be7 6. Bxf6 gxf6 7. Nf3 f5 8.
Ng3 c5 9. Qd2 cxd4 10. Nxd4 a6 11. O-O-O h5 12. Be2 h4 13. Nh5 e5 14. Nxf5
Qxd2+ 15. Rxd2 Bg5 16. f4 exf4 17. Nd6+ Ke7 18. Bf3 Nc6 19. Re1+ Be6 20. Nxb7
Rac8 21. Nd6 Rc7 22. Ng7 Rb8 23. Rd5 Bf6 24. Ndf5+ Kf8 25. Rxe6 Bxb2+ 26. Kd1
Bxg7 27. Nxg7 Kxg7 28. Rg5+ 1-0

[Event "SK Klausen-SK Naturns Jambo"]
[Site "?"]
[Date "2012.12.15"]
[Round "5.6"]
[White "Seebacher, Michael"]
[Black "Naegele, Norbert"]
[Result "0-1"]
[WhiteElo "1403"]
[BlackElo "1786"]
[PlyCount "60"]
[EventDate "2012.??.??"]

1. e4 c5 2. Nf3 a6 3. d4 cxd4 4. Nxd4 e5 5. Nf3 Nf6 6. Bg5 Nc6 7. Bc4 Qa5+ 8.
Qd2 Bb4 9. c3 Be7 10. Bxf6 gxf6 11. Qh6 d6 12. Qg7 Rf8 13. Qxh7 Be6 14. Bxe6
fxe6 15. h4 Kd7 16. Qh6 Qb5 17. Qd2 Rg8 18. g3 Rg4 19. Nh2 Rxe4+ 20. Kd1 Nd4
21. Na3 Qa4+ 22. Kc1 Ne2+ 23. Kb1 d5 24. f3 Bxa3 25. bxa3 Rc8 26. fxe4 Nxc3+
27. Kb2 Qb5+ 28. Kc2 Nxe4+ 29. Kd1 Nxd2 30. Kxd2 Qb2+ 0-1

[Event "SK Steinegg/Raiffeisen-SK Ridnaun"]
[Site "?"]
[Date "2012.12.15"]
[Round "5.1"]
[White "Aigner, Helmut"]
[Black "Engl, Stefan"]
[Result "1/2-1/2"]
[WhiteElo "1819"]
[BlackElo "1828"]
[PlyCount "43"]
[EventDate "2012.??.??"]

1. e4 d5 2. exd5 Qxd5 3. Nc3 Qd6 4. d4 Nf6 5. Be2 c6 6. Nf3 Bf5 7. Be3 e6 8.
Qd2 Qc7 9. Nh4 Bg6 10. Nxg6 hxg6 11. h3 Nbd7 12. Bf3 Bd6 13. Qd3 O-O-O 14.
O-O-O Qa5 15. Kb1 Bb4 16. a3 Bxc3 17. bxc3 Ne5 18. dxe5 Rxd3 19. Rxd3 Nd7 20.
Kb2 Nxe5 21. Rd4 Nxf3 22. gxf3 1/2-1/2

[Event "SK Steinegg/Raiffeisen-SK Ridnaun"]
[Site "?"]
[Date "2012.12.15"]
[Round "5.2"]
[White "Lantschner, Carmen"]
[Black "Helfer, August"]
[Result "1/2-1/2"]
[WhiteElo "1726"]
[BlackElo "1652"]
[PlyCount "35"]
[EventDate "2012.??.??"]

1. e4 d6 2. d4 g6 3. Nc3 e6 4. Be3 Bg7 5. Nf3 Ne7 6. Be2 b6 7. Qd2 h6 8. Rd1
Bb7 9. O-O Nd7 10. Bd3 a6 11. Ne2 Nf6 12. Nc3 Rc8 13. Qe2 b5 14. a3 O-O 15. h3
c6 16. e5 Nfd5 17. Nxd5 Nxd5 18. Bd2 1/2-1/2

[Event "SK Steinegg/Raiffeisen-SK Ridnaun"]
[Site "?"]
[Date "2012.12.15"]
[Round "5.3"]
[White "Obermueller, Johann"]
[Black "Engl, Alexander"]
[Result "1/2-1/2"]
[WhiteElo "1536"]
[BlackElo "1710"]
[PlyCount "55"]
[EventDate "2012.??.??"]

1. e4 d5 2. exd5 Qxd5 3. d4 Bf5 4. Nc3 Qd6 5. Nb5 Qd7 6. Bf4 Na6 7. Nc3 Nb4 8.
Rc1 c6 9. Nf3 Nf6 10. Bc4 e6 11. a3 Nbd5 12. Nxd5 exd5 13. Bd3 Bxd3 14. Qxd3
Be7 15. Be5 h6 16. Bxf6 Bxf6 17. Qe3+ Qe7 18. Qxe7+ Bxe7 19. O-O O-O 20. Rfe1
Rfe8 21. Re2 Bf6 22. Rce1 Kf8 23. Kf1 Rxe2 24. Rxe2 Re8 25. Rxe8+ Kxe8 26. Ke2
Ke7 27. Kd3 Kd6 28. c3 1/2-1/2

[Event "SK Steinegg/Raiffeisen-SK Ridnaun"]
[Site "?"]
[Date "2012.12.15"]
[Round "5.4"]
[White "Resch, Aaron"]
[Black "Helfer, Sieghard"]
[Result "1/2-1/2"]
[WhiteElo "1709"]
[BlackElo "1532"]
[PlyCount "84"]
[EventDate "2012.??.??"]

1. e4 g6 2. d4 Bg7 3. Nc3 d6 4. f4 e6 5. Nf3 Ne7 6. Be3 Nd7 7. Qd2 b6 8. Bd3
Bb7 9. g4 f5 10. Ng5 Nf8 11. Rg1 h6 12. Nh3 fxe4 13. Bxe4 Bxe4 14. Nxe4 Nd5 15.
Bf2 Qe7 16. O-O-O O-O-O 17. Rde1 Qf7 18. Bh4 Rd7 19. Rgf1 Nf6 20. Qg2 d5 21.
Nxf6 Bxf6 22. Bxf6 Qxf6 23. Re5 Rd6 24. f5 gxf5 25. gxf5 Qe7 26. Nf4 Qg5 27.
Qxg5 hxg5 28. Nxe6 Nd7 29. Re2 Re8 30. Kd1 g4 31. Nf4 Rxe2 32. Kxe2 Nf6 33. Kd3
c5 34. b3 Kd7 35. Re1 Ne4 36. Re2 g3 37. hxg3 Nxg3 38. Re5 c4+ 39. bxc4 dxc4+
40. Kxc4 Rf6 41. Rd5+ Kc7 42. Ng6 Ne4 1/2-1/2

[Event "SK Steinegg/Raiffeisen-SK Ridnaun"]
[Site "?"]
[Date "2012.12.15"]
[Round "5.5"]
[White "Gasteiger, Josef"]
[Black "Pichler, Martin"]
[Result "0-1"]
[WhiteElo "1370"]
[BlackElo "1597"]
[PlyCount "70"]
[EventDate "2012.??.??"]

1. c4 Nf6 2. Nc3 g6 3. Nf3 Bg7 4. e3 c5 5. d4 Nc6 6. dxc5 Qa5 7. Be2 Ne4 8. Bd2
Nxd2 9. Qxd2 Qxc5 10. O-O Ne5 11. Nxe5 Qxe5 12. Rac1 d6 13. Nd5 O-O 14. b3 Rb8
15. Qa5 Bd7 16. Qxa7 Bc6 17. Qa5 Bxd5 18. cxd5 Qb2 19. Bc4 Ra8 20. Qc7 Rxa2 21.
Qxb7 Bf6 22. Qb4 h5 23. Rb1 Qc2 24. Rbc1 Qe4 25. Qe1 h4 26. f3 Qe5 27. Rf2 Rfa8
28. f4 Qe4 29. h3 Ra1 30. Rfc2 Qxc2 31. Rxc2 Rxe1+ 32. Kf2 Rb1 33. Kf3 Rb2 34.
Rc1 Raa2 35. b4 Rc2 0-1

[Event "SC SSV Bruneck-ASD Arci Scacchi II"]
[Site "?"]
[Date "2013.01.26"]
[Round "5.1"]
[White "Rizzardi, Roberto"]
[Black "Peintner, Andreas"]
[Result "0-1"]
[WhiteElo "1513"]
[BlackElo "1898"]
[PlyCount "84"]
[EventDate "2013.??.??"]

1. e4 c5 2. f4 Nc6 3. Nf3 g6 4. c3 d5 5. e5 Bg7 6. Bb5 Nh6 7. O-O O-O 8. d4 Qb6
9. Bxc6 bxc6 10. Qe2 Ba6 11. dxc5 Bxe2 12. cxb6 Bxf1 13. Kxf1 axb6 14. Nd4 Rac8
15. Be3 c5 16. Nb5 f6 17. Ke2 fxe5 18. fxe5 Ng4 19. Bg1 Nxe5 20. Nd2 Nc6 21.
Nf3 e5 22. Rd1 d4 23. Ng5 Nd8 24. Bf2 Bf6 25. Ne4 Be7 26. Bg3 Nf7 27. c4 Rc6
28. Kd3 Bd8 29. Re1 Re6 30. Re2 h6 31. Re1 g5 32. h3 Kg7 33. Bh2 Rfe8 34. Re2
Rc6 35. Rf2 Ree6 36. Na7 Rc7 37. Nb5 Rd7 38. a4 Be7 39. Re2 Nd8 40. Nf2 Nc6 41.
Ng4 e4+ 42. Rxe4 Nb4+ 0-1

[Event "SC SSV Bruneck-ASD Arci Scacchi II"]
[Site "?"]
[Date "2013.01.26"]
[Round "5.2"]
[White "Balzarini, Franco"]
[Black "Paltrinieri, Mario"]
[Result "1-0"]
[WhiteElo "1775"]
[BlackElo "1379"]
[PlyCount "123"]
[EventDate "2013.??.??"]

1. d4 Nf6 2. Nf3 d5 3. c4 c6 4. e3 Bf5 5. Be2 e6 6. O-O c5 7. b3 Nc6 8. Bb2 Be7
9. Nbd2 O-O 10. Ne5 Qd6 11. Ndf3 Nd7 12. Nxc6 bxc6 13. Ba3 Bf6 14. Rc1 Rfc8 15.
Qd2 a5 16. Rfd1 a4 17. dxc5 Nxc5 18. Qb4 Be7 19. cxd5 cxd5 20. bxa4 Ne4 21.
Rxc8+ Rxc8 22. Qb7 Qxa3 23. Qxc8+ Bf8 24. Bb5 Bg4 25. Qc2 h6 26. Rd3 Qe7 27.
Nd4 Bh5 28. f3 Nd6 29. Rc3 Qg5 30. Be2 Nc4 31. f4 Qh4 32. g3 Qh3 33. Bxh5 Qxh5
34. Kg2 e5 35. Nf3 Bc5 36. Qe2 e4 37. Nd4 Qg6 38. Rxc4 dxc4 39. Qxc4 Qd6 40. a5
Qe7 41. a6 g5 42. Nf5 Qa7 43. Qxe4 Qxa6 44. Qc2 Ba7 45. Kf2 Qe6 46. Qc8+ Qxc8
47. Ne7+ Kf8 48. Nxc8 Bc5 49. a4 Bb4 50. Nb6 Ke8 51. Kf3 Bc3 52. h3 f6 53. g4
Kf7 54. Ke4 Ke6 55. Nc4 Bb4 56. f5+ Ke7 57. Kd5 Kd7 58. e4 Bc3 59. e5 fxe5 60.
Nxe5+ Ke7 61. a5 Be1 62. a6 1-0

[Event "SC SSV Bruneck-ASD Arci Scacchi II"]
[Site "?"]
[Date "2013.01.26"]
[Round "5.3"]
[White "Olivetti, Davide"]
[Black "Oberhammer, Guenther"]
[Result "1-0"]
[WhiteElo "1428"]
[BlackElo "1600"]
[PlyCount "89"]
[EventDate "2013.??.??"]

1. e4 e5 2. d4 exd4 3. c3 c5 4. Nf3 Nc6 5. Bc4 Nf6 6. O-O Be7 7. cxd4 cxd4 8.
e5 Ne4 9. Re1 d5 10. exd6 Nxd6 11. Bd5 O-O 12. Bxc6 bxc6 13. Nxd4 Bb7 14. Nc3
Bf6 15. Bf4 Nc4 16. Nde2 Re8 17. Qc2 Qd7 18. Ne4 Ne5 19. Nxf6+ gxf6 20. h3 c5
21. Qc3 Qc6 22. Qg3+ Kh8 23. Bxe5 Rxe5 24. Nf4 Rg8 25. Qh2 Reg5 26. g3 Qf3 27.
Ng2 Rxg3 28. fxg3 Rxg3 29. Re2 Rg8 30. Rae1 Qc6 31. Rd2 c4 32. Red1 Qc5+ 33.
Kh1 Qg5 34. Qg1 Qg3 35. Qh2 Qg5 36. Rf2 Qc5 37. Qf4 Qc6 38. Rg1 Rg6 39. Kh2 h6
40. Re2 a5 41. Qd4 Qf3 42. Qe3 Qd5 43. Nf4 Qd6 44. Rxg6 fxg6 45. Qe8+ 1-0

[Event "SC SSV Bruneck-ASD Arci Scacchi II"]
[Site "?"]
[Date "2013.01.26"]
[Round "5.4"]
[White "Peintner, Markus"]
[Black "Gasparro, Antonio"]
[Result "0-1"]
[WhiteElo "1481"]
[BlackElo "1388"]
[PlyCount "48"]
[EventDate "2013.??.??"]

1. c4 c5 2. Nc3 g6 3. e3 Nc6 4. d4 e6 5. Nf3 Bg7 6. Be2 Nge7 7. O-O O-O 8. d5
exd5 9. cxd5 Ne5 10. e4 d6 11. h3 f5 12. exf5 Bxf5 13. Bg5 a6 14. a4 Qe8 15.
Nxe5 Bxe5 16. Bf3 Qf7 17. Bg4 Bxg4 18. hxg4 Bd4 19. Bxe7 Qxe7 20. Qd2 Qh4 21.
Ne4 Be5 22. g3 Qxg4 23. Qe1 Rf5 24. Kg2 Qf3+ 0-1

[Event "SC SSV Bruneck-ASD Arci Scacchi II"]
[Site "?"]
[Date "2013.01.26"]
[Round "5.5"]
[White "Zanatta, Daniel"]
[Black "Oberhammer, Othmar"]
[Result "1/2-1/2"]
[WhiteElo "1328"]
[BlackElo "1453"]
[PlyCount "91"]
[EventDate "2013.??.??"]

1. e4 b6 2. d4 e6 3. Bd3 Bb7 4. Nf3 h6 5. Nc3 Nf6 6. O-O Ba6 7. Re1 Bb4 8. a3
Bxc3 9. bxc3 Bb7 10. e5 Nd5 11. c4 Ne7 12. c3 d5 13. cxd5 Nxd5 14. c4 Ne7 15.
Be3 Nd7 16. Nd2 Nxe5 17. Be2 N7g6 18. dxe5 Nxe5 19. c5 O-O 20. Nc4 Qf6 21. Nxe5
Qxe5 22. Bf3 Rad8 23. Qe2 Bxf3 24. Qxf3 Qc3 25. cxb6 cxb6 26. Qg4 Qf6 27. Qf4
Qg6 28. Rad1 Rc8 29. Rd7 e5 30. Qxe5 Rfe8 31. Re7 Rxe7 32. Qxe7 a6 33. Bxb6
Qxb6 34. g3 Qc5 35. Qxc5 Rxc5 36. Kg2 g6 37. Kf3 Kg7 38. Ke4 f5+ 39. Kd3 Kf6
40. Rb1 Rc6 41. Rb4 g5 42. a4 a5 43. Rb5 Ra6 44. Kc4 f4 45. g4 Ke6 46. Kd4
1/2-1/2

[Event "SC SSV Taufers-SG Kaltern/Tramin II"]
[Site "?"]
[Date "2013.01.26"]
[Round "5.1"]
[White "Unterkofler, Alex"]
[Black "Niederkofler, Andreas"]
[Result "0-1"]
[WhiteElo "1657"]
[BlackElo "1770"]
[PlyCount "82"]
[EventDate "2013.??.??"]

1. e4 c5 2. c3 d5 3. exd5 Qxd5 4. d4 Nc6 5. Nf3 Bg4 6. Be2 cxd4 7. cxd4 e6 8.
O-O Nf6 9. Nc3 Qa5 10. Bf4 Be7 11. Nb5 O-O 12. Bc7 b6 13. Qc1 Nb4 14. a3 Nbd5
15. b4 Qa4 16. Be5 Bxf3 17. gxf3 Rfc8 18. Qg5 Qc2 19. Rfe1 a6 20. Rac1 Qg6 21.
Qxg6 hxg6 22. Nd6 Rc3 23. Rxc3 Nxc3 24. Ne4 Nxe2+ 25. Rxe2 Rc8 26. Nxf6+ Bxf6
27. Bxf6 gxf6 28. Re3 Kf8 29. f4 Rc4 30. Rd3 Ke7 31. Kg2 Kd6 32. Kf3 Kd5 33.
Ke3 Rc1 34. Kd2 Rh1 35. h3 Ke4 36. Re3+ Kxd4 37. Rd3+ Ke4 38. Rd6 Rxh3 39. a4
Ra3 40. a5 bxa5 41. bxa5 Rxa5 0-1

[Event "SC SSV Taufers-SG Kaltern/Tramin II"]
[Site "?"]
[Date "2013.01.26"]
[Round "5.2"]
[White "Holzer, Phillipp"]
[Black "Leimgruber, Erich"]
[Result "1-0"]
[WhiteElo "1759"]
[BlackElo "1580"]
[PlyCount "51"]
[EventDate "2013.??.??"]

{462MB, Rybka3Gen.ctg} 1. e4 c5 2. d4 cxd4 3. c3 Nc6 4. cxd4 d6 5. Nf3 Bg4 6.
Be3 Nf6 7. Nc3 e6 8. h3 Bh5 9. Be2 Be7 10. O-O O-O 11. a3 a5 12. Re1 d5 13.
exd5 Nxd5 14. Qb3 Qb6 15. Qxb6 Nxb6 16. Rac1 Rfd8 17. Nb5 Nd5 18. Rc2 Bg6 19.
Rd2 f5 20. Bg5 Bf6 21. Bc4 Bf7 22. Bxf6 gxf6 23. Bxd5 exd5 24. Rde2 Re8 25.
Rxe8+ Bxe8 26. Nc7 1-0

[Event "SC SSV Taufers-SG Kaltern/Tramin II"]
[Site "?"]
[Date "2013.01.26"]
[Round "5.3"]
[White "Stadler, Helmuth"]
[Black "Forer, Erich"]
[Result "0-1"]
[WhiteElo "1661"]
[BlackElo "1733"]
[PlyCount "106"]
[EventDate "2013.??.??"]

1. e4 d6 2. d4 Nf6 3. Nc3 g6 4. f4 Bg7 5. Nf3 O-O 6. Be3 c6 7. Bd3 Qb6 8. Rb1
e5 9. fxe5 Ng4 10. Bg1 dxe5 11. h3 Nh6 12. Bf2 exd4 13. O-O Qd8 14. Ne2 c5 15.
a4 Bd7 16. b3 b6 17. Bg3 Nc6 18. Qd2 Kh8 19. Rf2 Qe7 20. Rbf1 f5 21. Bh4 Qe8
22. Bg5 fxe4 23. Bxh6 exf3 24. Bxg7+ Kxg7 25. Rxf3 Rxf3 26. Rxf3 Ne5 27. Rf2
Nxd3 28. Qxd3 Qe3 29. Qxe3 dxe3 30. Rf3 Bf5 31. Rxe3 Bxc2 32. Nf4 h6 33. Kf2 c4
34. bxc4 Bxa4 35. g3 h5 36. h4 Bc2 37. Nd5 Rf8+ 38. Ke1 Bb1 39. Kd2 Ba2 40. Ra3
Rf7 41. Rc3 b5 42. Ne3 Rd7+ 43. Kc1 Bxc4 44. Nxc4 Rc7 45. Kb2 Rxc4 46. Ra3 Rb4+
47. Kc3 Ra4 48. Rb3 b4+ 49. Kc4 a5 50. Rd3 Ra3 51. Rd5 b3 52. Rb5 a4 53. Kc3
b2+ 0-1

[Event "SC SSV Taufers-SG Kaltern/Tramin II"]
[Site "?"]
[Date "2013.01.26"]
[Round "5.4"]
[White "Haidacher, Gerold"]
[Black "Steinegger, Elmar"]
[Result "1/2-1/2"]
[WhiteElo "1726"]
[BlackElo "1427"]
[PlyCount "113"]
[EventDate "2013.??.??"]

1. d4 Nf6 2. c4 e6 3. g3 d5 4. Bg2 c6 5. Nc3 Be7 6. Nf3 h6 7. O-O Nbd7 8. cxd5
exd5 9. Re1 Bb4 10. a3 Bxc3 11. bxc3 O-O 12. Qc2 Re8 13. Nd2 Nb6 14. a4 a5 15.
Rb1 Be6 16. Ba3 Rb8 17. Bc5 Nc8 18. e4 dxe4 19. Nxe4 b6 20. Nxf6+ Qxf6 21. Bxc6
Rd8 22. Be4 g6 23. Ba3 Nd6 24. Bd3 h5 25. Qe2 Bd5 26. f4 h4 27. Qe5 Qxe5 28.
fxe5 Nc4 29. Bxc4 Bxc4 30. Be7 Rdc8 31. Bxh4 b5 32. axb5 Rxb5 33. Rxb5 Bxb5 34.
Rc1 Bc4 35. Be7 a4 36. Bb4 Ra8 37. Ra1 Bb3 38. Kf2 Kg7 39. Ke3 g5 40. Be7 Kg6
41. h4 gxh4 42. gxh4 Re8 43. Bf6 Ra8 44. Kd3 Rc8 45. Rg1+ Kh5 46. Be7 Rc7 47.
Bg5 Rc8 48. Rc1 Bc4+ 49. Kc2 a3 50. Ra1 a2 51. Be7 Rg8 52. Kb2 Rg2+ 53. Ka3 Rc2
54. Kb4 Be6 55. Bg5 Rb2+ 56. Ka3 Rc2 57. Kb4 1/2-1/2